The shahids : (Record no. 6821)
[ view plain ]
| 000 -LEADER | |
|---|---|
| fixed length control field | 01271nac a22002771u 4500 |
| 010 ## - LIBRARY OF CONGRESS CONTROL NUMBER | |
| LC control number | 2003067190 |
| 020 ## - INTERNATIONAL STANDARD BOOK NUMBER | |
| International Standard Book Number | 0765802503 (cloth : alk. paper) |
| 082 00 - DEWEY DECIMAL CLASSIFICATION NUMBER | |
| Classification number | 303.625 |
| Item number | SHA |
| 090 ## - LOCALLY ASSIGNED LC-TYPE CALL NUMBER (OCLC); LOCAL CALL NUMBER (OCLC) | |
| -- | 6821 |
| -- | 6821 |
| 100 ## - MAIN ENTRY--PERSONAL NAME | |
| Personal name | Shai, Shaul. |
| 245 14 - TITLE STATEMENT | |
| Title | The shahids : |
| Remainder of title | Islam and suicide attacks / |
| Statement of responsibility, etc | Shaul Shay ; with a foreword by Aharon Zeʾevi Farkash ; translated by Rachel Lieberman. |
| 260 ## - PUBLICATION, DISTRIBUTION, ETC. (IMPRINT) | |
| Place of publication, distribution, etc | New Brunswick, N.J. : |
| Name of publisher, distributor, etc | Transaction Publishers,c2004. |
| Date of publication, distribution, etc | c2004. |
| 300 ## - PHYSICAL DESCRIPTION | |
| Extent | xiv, 246 p. ; |
| Dimensions | 24 cm. |
| 500 ## - GENERAL NOTE | |
| General note | "The Interdisciplinary Center, Herzliya. The International Policy Institute for Counter-Terrorism." |
| 500 ## - GENERAL NOTE | |
| General note | Distributer: Al-Ahram. |
| 504 ## - BIBLIOGRAPHY, ETC. NOTE | |
| Bibliography, etc | Includes bibliographical references and index. |
| 511 ## - PARTICIPANT OR PERFORMER NOTE | |
| Participant or performer note | Catalogued By: Mahitab. |
| 650 #0 - SUBJECT ADDED ENTRY--TOPICAL TERM | |
| Topical term or geographic name as entry element | Suicide bombers. |
| 650 #0 - SUBJECT ADDED ENTRY--TOPICAL TERM | |
| Topical term or geographic name as entry element | Suicide bombings. |
| 650 #0 - SUBJECT ADDED ENTRY--TOPICAL TERM | |
| Topical term or geographic name as entry element | Terrorism |
| General subdivision | Religious aspects |
| -- | Islam. |
| 710 2# - ADDED ENTRY--CORPORATE NAME | |
| Corporate name or jurisdiction name as entry element | Interdisciplinary Center (Hertseliyah, Israel) |
| 710 2# - ADDED ENTRY--CORPORATE NAME | |
| Corporate name or jurisdiction name as entry element | International Policy Institute for Counter-Terrorism (Israel) |
| 856 41 - ELECTRONIC LOCATION AND ACCESS | |
| Materials specified | Table of contents only |
| Uniform Resource Identifier | <a href="http://www.loc.gov/catdir/toc/fy0711/2003067190.html">http://www.loc.gov/catdir/toc/fy0711/2003067190.html</a> |
| 942 ## - ADDED ENTRY ELEMENTS (KOHA) | |
| Item type | Book - Borrowing |
| Call number prefix | 303.625SHA |
| Withdrawn status | Item status | Damaged status | Not for loan | Home library | Current library | Shelving location | Date acquired | Source of acquisition | Total Checkouts | Total Renewals | Full call number | Barcode | Date last seen | Date last borrowed | Koha item type |
|---|---|---|---|---|---|---|---|---|---|---|---|---|---|---|---|
| Central Library | Central Library | First floor | 06/12/2007 | Purchase | 3 | 2 | 303.625SHA | 000008011 | 15/07/2025 | 25/10/2015 | Book - Borrowing |